[Event "ROM-ch U08"]
[Site "Calimanesti Caciulata"]
[Date "2019.04.18"]
[Round "5"]
[White "Bendescu, Matei Constantin"]
[Black "Minescu, Leon"]
[Result "1/2-1/2"]
[WhiteElo "1134"]
[BlackElo "1001"]
[PlyCount "52"]
[EventDate "2019.04.15"]
[EventType "swiss"]
[EventRounds "9"]
[EventCountry "ROU"]
[SourceTitle "CBM 190 Extra"]
[Source "ChessBase"]
[SourceDate "2019.07.15"]
[SourceVersion "1"]
[SourceVersionDate "2019.07.15"]
[SourceQuality "1"]

1. d4 d5 2. c4 e6 3. Nc3 Bb4 4. Nf3 dxc4 5. e3 Nc6 6. Qc2 Nf6 7. a3 Ba5 8. b4 cxb3 9. Qxb3 0-0 10. Bc4 b6 11. 0-0 Bb7 12. Bb2 Bxc3 13. Bxc3 Ne4 14. Qc2 Nxc3 15. Qxc3 Na5 16. Ba2 Bxf3 17. gxf3 Qg5+ 18. Kh1 Rac8 19. Rg1 Qf5 20. Bb1 Qxf3+ 21. Rg2 Qd1+ 22. Rg1 Qf3+ 23. Rg2 Qd1+ 24. Rg1 Qf3+ 25. Rg2 Qd1+ 26. Rg1 Qf3+ 1/2-1/2